000 01043nam a2200217Ia 4500
003 OSt
005 20210420120233.0
008 210310s1979 py gr 100 0 spa d
040 _aCO-JMCR
_cCO-JMCR
041 0 _aspa
082 0 4 _a343.04 /
_bJ828j1
_223
111 2 _aJornadas Latinoamericanas de Derecho Tributario
_n(9a :
_d1979 :
_cAsunción Paraguay)
_937006
245 1 0 _aIX Jornadas Latinoamericanas de Derecho Tributario /
_cInstituto Latinoamericano de Derecho Tributario y la Asociación Paraguaya de Estudios Administrativos y Fiscales
260 _aAsunción :
_bInstituto Latinoamericano de Derecho Tributario,
_c1979
300 _b397 páginas ;
_c26 cm.
505 0 _aEmpresas conjuntas -- Puertos francos, Zonas francas y Depósitos francos
650 1 4 _aDerecho fiscal
_914869
_vCongresos, conferencias, etc.
_zAmérica Latina
710 1 _aInstituto Latinoamericano de Derecho Tributario
_eorganizador
_936874
710 1 _aAsociación Paraguaya de Estudios Administrativos y Fiscales
_eorganizador
_937007
942 _2ddc
_cBK
999 _c7588
_d7588